000 01370nam a2200337Ia 4500
001 ebr10661668
003 CaPaEBR
006 m u
007 cr cn|||||||||
008 090702s2009 nyuab sb 001 0 eng d
010 _z 2009025203
020 _z1608760065 (softcover)
020 _z9781608760060 (softcover)
020 _z9781611224498
040 _aCaPaEBR
_cCaPaEBR
035 _a(OCoLC)676895318
050 1 4 _aTJ808
_b.B66 2009eb
082 0 4 _a333.794
_222
100 1 _aBockris, J. O'M.
_q(John O'M.),
_d1923-
245 1 0 _aRenewable energies
_h[electronic resource] :
_bfeasibility, time and cost options /
_cJohn O'M. Bockris.
260 _aNew York :
_bNova Science Publishers,
_cc2009.
300 _avi, 85 p. :
_bill. (some col.), maps.
490 0 _aRenewable energy : research, development and policies series
504 _aIncludes bibliographical references and index.
533 _aElectronic reproduction.
_bPalo Alto, Calif. :
_cebrary,
_d2013.
_nAvailable via World Wide Web.
_nAccess may be limited to ebrary affiliated libraries.
650 0 _aRenewable energy sources.
650 0 _aRenewable energy sources
_xCosts.
655 7 _aElectronic books.
_2local
710 2 _aebrary, Inc.
856 4 0 _uhttp://site.ebrary.com/lib/rucke/Doc?id=10661668
_zAn electronic book accessible through the World Wide Web; click to view
999 _c169793
_d169793